[Event "CYCC U10"]
[Site "Windsor CAN"]
[Date "2016.07.06"]
[Round "3.91"]
[White "Hasanov, Tahir"]
[Black "Jacobs, Michael"]
[Result "0-1"]
[WhiteElo "608"]
[BlackElo "1380"]
[PlyCount "68"]
[EventDate "2016.07.05"]
[EventType "swiss"]
[EventRounds "7"]
[EventCountry "CAN"]

1. e4 e6 2. Nf3 d5 3. e5 c5 4. d4 Nc6 5. c3 Nge7 6. Bg5 Qb6 7. Be3 Qxb2 8. Nbd2
Qxc3 9. Rc1 Qa5 10. Rxc5 Qa3 11. Rc2 Nf5 12. Qe2 Bd7 13. Nb1 Qa5+ 14. Rd2 Bb4
15. Qd1 Bxd2+ 16. Qxd2 Qxd2+ 17. Bxd2 Nfxd4 18. Nxd4 Nxd4 19. Bd3 Rc8 20. Be3
Nc2+ 21. Bxc2 Rxc2 22. Bxa7 Rc1+ 23. Ke2 Rxh1 24. h3 Rxb1 25. f4 O-O 26. g3
Rb2+ 27. Kf3 Ra8 28. Bd4 Rd2 29. Be3 Rd3 30. h4 Raa3 31. Kg4 Rxe3 32. h5 Rxg3+
33. Kh4 Rh3+ 34. Kg5 Rag3# 0-1

[Event "CYCC U10"]
[Site "Windsor CAN"]
[Date "2016.07.06"]
[Round "3.92"]
[White "Srinivas, Atharva"]
[Black "Ho, Hewitt"]
[Result "1-0"]
[WhiteElo "1343"]
[BlackElo "749"]
[PlyCount "101"]
[EventDate "2016.07.05"]
[EventType "swiss"]
[EventRounds "7"]
[EventCountry "CAN"]

1. e4 e5 2. Nf3 Nc6 3. Bb5 Nf6 4. O-O Nxe4 5. Re1 d5 6. d3 a6 7. dxe4 axb5 8.
Qxd5 Bd6 9. Qxb5 Ra5 10. Qb3 Be6 11. Qxb7 Bd7 12. a3 O-O 13. Qb3 Nb4 14. Bd2
Qb8 15. Bxb4 Bxb4 16. c3 Bd6 17. Qxb8 Rxb8 18. b4 Raa8 19. Nbd2 Re8 20. c4 c5
21. b5 f5 22. a4 fxe4 23. Nxe4 Bc7 24. Nxc5 Bf5 25. Ne4 Ba5 26. Re3 Rad8 27. c5
Rc8 28. Nd6 e4 29. Nxc8 Bxc8 30. Nd4 Bf5 31. Nxf5 Re5 32. Nd6 Rxc5 33. Nb7 Bc3
34. Nxc5 Bxa1 35. Rxe4 Bc3 36. b6 Ba5 37. b7 Bc7 38. b8=Q+ Bxb8 39. Re8+ Kf7
40. Rxb8 Kg6 41. a5 h5 42. a6 h4 43. a7 h3 44. a8=Q hxg2 45. Qxg2+ Kh7 46. Ne6
g6 47. Rh8+ Kxh8 48. Qg5 Kh7 49. h4 Kh8 50. Qh6+ Kg8 51. Qg7# 1-0

[Event "CYCC U10"]
[Site "Windsor CAN"]
[Date "2016.07.06"]
[Round "3.93"]
[White "Fedyushchenko, Alexander"]
[Black "Joseph Benher, Savio"]
[Result "1-0"]
[WhiteElo "1136"]
[BlackElo "721"]
[PlyCount "41"]
[EventDate "2016.07.05"]
[EventType "swiss"]
[EventRounds "7"]
[EventCountry "CAN"]

1. Nf3 e6 2. e4 Nc6 3. d4 d5 4. Nbd2 dxe4 5. Nxe4 Nf6 6. Bd3 Nxd4 7. Nxd4 Qxd4
8. Bb5+ Qd7 9. Nxf6+ gxf6 10. Bxd7+ Bxd7 11. Qf3 Bg7 12. Qxb7 O-O 13. Qxc7 Bb5
14. c4 Rfc8 15. Qf4 Rxc4 16. Qf3 Rc5 17. Qxa8+ Be8 18. Bh6 Rc8 19. Qxc8 Bf8 20.
Qxe8 f5 21. Qxf8# 1-0

[Event "CYCC U10"]
[Site "Windsor CAN"]
[Date "2016.07.06"]
[Round "3.94"]
[White "Imoo, Joshua"]
[Black "Marcelloni, Jacob"]
[Result "1-0"]
[WhiteElo "1072"]
[BlackElo "686"]
[PlyCount "41"]
[EventDate "2016.07.05"]
[EventType "swiss"]
[EventRounds "7"]
[EventCountry "CAN"]

1. e4 c5 2. Nc3 Nc6 3. f4 e5 4. d3 Nf6 5. Nf3 exf4 6. Bxf4 Nd4 7. Bg5 Be7 8.
Bf4 O-O 9. Qd2 d5 10. e5 Ne8 11. Bg3 Nxf3+ 12. gxf3 d4 13. Ne4 Nc7 14. h4 Nd5
15. h5 h6 16. Bf4 Nxf4 17. Qxf4 Qa5+ 18. c3 Be6 19. Rg1 dxc3 20. bxc3 Bd5 21.
Qxh6 1-0

[Event "CYCC U10"]
[Site "Windsor CAN"]
[Date "2016.07.06"]
[Round "3.96"]
[White "Zaid, Daniyal"]
[Black "Si, Patrick"]
[Result "1-0"]
[WhiteElo "584"]
[BlackElo "931"]
[PlyCount "112"]
[EventDate "2016.07.05"]
[EventType "swiss"]
[EventRounds "7"]
[EventCountry "CAN"]

1. e4 e5 2. Nf3 Nc6 3. Bc4 Bc5 4. Nc3 Nf6 5. O-O O-O 6. d3 h6 7. h3 Re8 8. Re1
d6 9. a3 Na5 10. Ba2 b6 11. b4 Bxf2+ 12. Kxf2 Nb7 13. Nd5 Be6 14. Nxf6+ Qxf6
15. Bxe6 Rxe6 16. Qe2 c5 17. b5 a5 18. a4 Rd8 19. c4 Rd7 20. Ra2 Qe7 21. Rd2
Rc7 22. Rg1 f6 23. g4 Qe8 24. h4 Qf7 25. Ke1 Kf8 26. g5 fxg5 27. hxg5 hxg5 28.
Nxg5 Qe8 29. Nxe6+ Qxe6 30. Rf1+ Ke8 31. Qh5+ g6 32. Qh8+ Kd7 33. Rdf2 Nd8 34.
Bg5 Rc8 35. Bxd8 Rxd8 36. Rf7+ Kc8 37. Rf8 Rxf8 38. Qxf8+ Kd7 39. Rf7+ Qxf7 40.
Qxf7+ Kd8 41. Qf6+ Kc7 42. Qxg6 Kd7 43. d4 exd4 44. Kd2 d3 45. Kxd3 Kc7 46.
Qg7+ Kd8 47. Qg6 Kc7 48. Ke3 Kd7 49. Kf4 Kc7 50. e5 dxe5+ 51. Kxe5 Kd7 52. Qxb6
Ke7 53. Qxc5+ Kd7 54. b6 Kd8 55. Qc7+ Ke8 56. b7 Kf8 1-0

[Event "CYCC U10"]
[Site "Windsor CAN"]
[Date "2016.07.06"]
[Round "3.97"]
[White "Yim, Justin"]
[Black "Brassard, Mathieu"]
[Result "0-1"]
[WhiteElo "708"]
[BlackElo "876"]
[PlyCount "26"]
[EventDate "2016.07.05"]
[EventType "swiss"]
[EventRounds "7"]
[EventCountry "CAN"]

1. e4 e5 2. Nf3 Qf6 3. Bc4 Bc5 4. O-O h5 5. d3 h4 6. Bg5 Qg6 7. Bxh4 Qh6 8. Bg3
d6 9. Nbd2 Bg4 10. h3 Bxh3 11. gxh3 Qxh3 12. Nh2 Qxg3+ 13. Kh1 Qxh2# 0-1

[Event "CYCC U10"]
[Site "Windsor CAN"]
[Date "2016.07.06"]
[Round "3.101"]
[White "Ripley, Noah"]
[Black "Selvanayayam, Adithan"]
[Result "1-0"]
[WhiteElo "670"]
[BlackElo "799"]
[PlyCount "65"]
[EventDate "2016.07.05"]
[EventType "swiss"]
[EventRounds "7"]
[EventCountry "CAN"]

1. e4 e5 2. Nf3 Nc6 3. Bc4 Nf6 4. Nc3 Bb4 5. Nd5 Nxe4 6. a3 Ba5 7. b4 Bb6 8.
O-O O-O 9. Qe2 Ng5 10. Nxe5 Nxe5 11. Qxe5 Re8 12. Qf4 Re4 13. Qg3 d6 14. d3 Rg4
15. Bxg5 Qxg5 16. Rae1 Bd7 17. Qf3 Rxg2+ 18. Qxg2 Bh3 19. Qxg5 Bxf1 20. Kxf1 h6
21. Ne7+ Kh8 22. Qh5 a5 23. Qxf7 axb4 24. axb4 Bd4 25. Kg2 Bc3 26. Rc1 Bxb4 27.
Ra1 Rb8 28. Rb1 Bc5 29. Rxb7 Ra8 30. Rxc7 d5 31. Bxd5 Bxe7 32. Bxa8 Bd6 33.
Qxg7# 1-0

[Event "CYCC U10"]
[Site "Windsor CAN"]
[Date "2016.07.07"]
[Round "4.79"]
[White "Zhou, Aiden"]
[Black "Noor Ali, Aahil"]
[Result "1/2-1/2"]
[WhiteElo "1847"]
[BlackElo "2070"]
[PlyCount "75"]
[EventDate "2016.07.05"]
[EventType "swiss"]
[EventRounds "7"]
[EventCountry "CAN"]

1. d4 Nf6 2. Bg5 e6 3. e4 h6 4. Bxf6 Qxf6 5. c3 d6 6. Bd3 Nd7 7. Ne2 Qd8 8. O-O
Be7 9. f4 O-O 10. Nd2 c5 11. Nf3 Rb8 12. a4 b6 13. Re1 Bb7 14. Ng3 Qc8 15. Rc1
Re8 16. e5 g6 17. Ne4 d5 18. Ng3 Ba6 19. b4 Bxd3 20. Qxd3 cxb4 21. cxb4 Qb7 22.
b5 Rbc8 23. Qe3 Kg7 24. Re2 Rc7 25. Rec2 Rec8 26. Rxc7 Rxc7 27. Ne2 Qc8 28.
Rxc7 Qxc7 29. Qc3 Qxc3 30. Nxc3 g5 31. f5 Bb4 32. Na2 Ba3 33. Nc3 Bb2 34. Nd1
Ba3 35. f6+ Kg6 36. g4 Nf8 37. Nf2 Kh7 38. Nd3 1/2-1/2

[Event "CYCC U10"]
[Site "Windsor CAN"]
[Date "2016.07.07"]
[Round "4.80"]
[White "Chen, Max"]
[Black "Kang, Dorian"]
[Result "1-0"]
[WhiteElo "2007"]
[BlackElo "1790"]
[PlyCount "89"]
[EventDate "2016.07.05"]
[EventType "swiss"]
[EventRounds "7"]
[EventCountry "CAN"]

1. e4 c5 2. Nf3 Nc6 3. Bb5 d6 4. Bxc6+ bxc6 5. d3 g6 6. h3 Bg7 7. e5 dxe5 8.
Nbd2 Ba6 9. O-O f5 10. Re1 Qd6 11. Rb1 Nh6 12. b3 Nf7 13. Bb2 O-O 14. Re3 Rfe8
15. Qe1 e4 16. dxe4 Bd4 17. e5 Qd8 18. e6 Nh6 19. Nxd4 cxd4 20. Rg3 Qd5 21. Nf3
c5 22. Qd2 Kg7 23. Re1 Rac8 24. Kh1 Ng8 25. c3 Nf6 26. cxd4 c4 27. Re5 Qd6 28.
d5 Kg8 29. bxc4 Bxc4 30. Rxf5 Bxd5 31. Bxf6 exf6 32. Qxd5 Rc1+ 33. Kh2 Qxd5 34.
Rxd5 Rxe6 35. Ra5 Re7 36. Nd4 f5 37. a3 f4 38. Rg4 Re4 39. Nf3 Rf1 40. Nd2 Rxf2
41. Nxe4 Re2 42. Rxf4 Kg7 43. Rxa7+ Kg8 44. Nf6+ Kf8 45. Nh5+ 1-0

[Event "CYCC U10"]
[Site "Windsor CAN"]
[Date "2016.07.07"]
[Round "4.81"]
[White "Wu, Lucian"]
[Black "Issani, Nameer"]
[Result "0-1"]
[WhiteElo "1320"]
[BlackElo "2145"]
[PlyCount "102"]
[EventDate "2016.07.05"]
[EventType "swiss"]
[EventRounds "7"]
[EventCountry "CAN"]

1. d4 Nf6 2. c4 e6 3. Nc3 Bb4 4. Qc2 d6 5. a3 Bxc3+ 6. Qxc3 b6 7. Nf3 Bb7 8. e3
Nbd7 9. Be2 Qe7 10. b4 O-O 11. O-O Rfe8 12. Bb2 e5 13. Rfe1 Rac8 14. Rad1 c5
15. d5 cxb4 16. axb4 Bxd5 17. Qb3 Be6 18. Ra1 Rc7 19. Red1 b5 20. Rdc1 Rec8 21.
Qc2 Bxc4 22. Bxc4 Rxc4 23. Qd2 Rxc1+ 24. Rxc1 Rxc1+ 25. Qxc1 Nb6 26. Qd1 Nc4
27. Bc3 Qe6 28. Qa1 Qd7 29. h3 h6 30. Nd2 Nxd2 31. Bxd2 Nd5 32. Be1 Nb6 33. f3
Nc4 34. e4 Qb7 35. Bf2 a6 36. Qa2 Kf8 37. Be1 Ke7 38. Qf2 Qb6 39. Kf1 Qxf2+ 40.
Kxf2 Ke6 41. Ke2 f5 42. exf5+ Kxf5 43. Bg3 e4 44. fxe4+ Kxe4 45. Bh4 g5 46. Bf2
d5 47. g4 d4 48. Kd1 Kd3 49. Bg3 Ke3 50. Be1 d3 51. Bc3 d2 0-1

[Event "CYCC U10"]
[Site "Windsor CAN"]
[Date "2016.07.07"]
[Round "4.82"]
[White "Gu, Chuyang"]
[Black "Ivanescu, Mark"]
[Result "1/2-1/2"]
[WhiteElo "1632"]
[BlackElo "1603"]
[PlyCount "67"]
[EventDate "2016.07.05"]
[EventType "swiss"]
[EventRounds "7"]
[EventCountry "CAN"]

1. e4 e6 2. d4 d5 3. Nc3 Nf6 4. e5 Nfd7 5. f4 c5 6. Nf3 b6 7. Be3 Qc7 8. Bd3
Ba6 9. O-O Be7 10. a3 O-O 11. Bxa6 Nxa6 12. Qe2 cxd4 13. Nxd4 Nac5 14. b4 Nb7
15. Bd2 Rfc8 16. Qg4 Qc4 17. Nxe6 g6 18. Kh1 d4 19. Ng5 f5 20. Qf3 dxc3 21.
Qxb7 Qc6 22. Qxc6 Rxc6 23. Be3 Bxg5 24. fxg5 Nxe5 25. Rad1 Re8 26. Kg1 Rce6 27.
Bd4 Nc4 28. Rf3 Nxa3 29. Rxc3 Nb5 30. Rcd3 Rd6 31. Bf6 Rxd3 32. Rxd3 Rc8 33. c3
a5 34. bxa5 1/2-1/2

[Event "CYCC U10"]
[Site "Windsor CAN"]
[Date "2016.07.07"]
[Round "4.83"]
[White "De Costa, Benjamin"]
[Black "Rusonik, Mark"]
[Result "0-1"]
[WhiteElo "1394"]
[BlackElo "1817"]
[PlyCount "170"]
[EventDate "2016.07.05"]
[EventType "swiss"]
[EventRounds "7"]
[EventCountry "CAN"]

1. Nf3 f5 2. d3 Nf6 3. e4 fxe4 4. dxe4 Nxe4 5. Bd3 d5 6. Bxe4 dxe4 7. Qxd8+
Kxd8 8. Ng5 Ke8 9. Nc3 e6 10. Ngxe4 Bb4 11. Bf4 c6 12. Nd6+ Ke7 13. Nxc8+ Rxc8
14. Bd2 Na6 15. O-O h6 16. a3 Ba5 17. b4 Bb6 18. Ne4 Nc7 19. c4 Bd4 20. Bc3
Bxc3 21. Nxc3 a5 22. Na4 Rd8 23. Nc5 axb4 24. axb4 b6 25. Nb3 Rd3 26. Rxa8 Nxa8
27. Rb1 Nc7 28. Kf1 Na6 29. b5 cxb5 30. cxb5 Nc7 31. Rc1 Kd7 32. Rb1 Rd5 33.
Nc1 Rxb5 34. Rxb5 Nxb5 35. Ke2 Kc6 36. Kd3 Kd5 37. Nb3 e5 38. f3 Nd4 39. Nc1
Nf5 40. g3 Nd4 41. f4 exf4 42. gxf4 Nf3 43. h3 Ng1 44. h4 Nf3 45. h5 Nd4 46.
Na2 Nf5 47. Nc3+ Kc5 48. Ne4+ Kb4 49. Ke2 Kc4 50. Kf3 b5 51. Kg4 Ne3+ 52. Kf3
Nf5 53. Kg4 Ne7 54. f5 b4 55. Kf4 Kd4 56. Nd2 Nd5+ 57. Kf3 Ke5 58. Nc4+ Kxf5
59. Nd6+ Kg5 60. Ne4+ Kxh5 61. Ng3+ Kg6 62. Ne4 h5 63. Kg3 b3 64. Nd2 b2 65.
Nb1 Kg5 66. Kh3 Nf4+ 67. Kg3 h4+ 68. Kh2 Kg4 69. Nd2 g5 70. Nb1 Kf3 71. Nd2+
Ke2 72. Nb1 g4 73. Nc3+ Kd2 74. Nb1+ Kc1 75. Na3 b1=Q 76. Nxb1 Kxb1 77. Kh1 Kc2
78. Kh2 Kd2 79. Kh1 Ke2 80. Kg1 g3 81. Kh1 g2+ 82. Kh2 h3 83. Kg1 Nd3 84. Kh2
Ne5 85. Kg1 Nf3# 0-1

[Event "CYCC U10"]
[Site "Windsor CAN"]
[Date "2016.07.07"]
[Round "4.84"]
[White "Jacobs, Michael"]
[Black "Xie, Austin"]
[Result "1-0"]
[WhiteElo "1380"]
[BlackElo "1638"]
[PlyCount "53"]
[EventDate "2016.07.05"]
[EventType "swiss"]
[EventRounds "7"]
[EventCountry "CAN"]

1. e4 c5 2. Nc3 d6 3. f4 a6 4. Nf3 Nc6 5. Bc4 e6 6. a4 Nge7 7. d3 b6 8. O-O g6
9. Ne2 Bg7 10. Ng3 O-O 11. Rb1 d5 12. Ba2 d4 13. Bd2 a5 14. Qc1 Nb4 15. Bc4
Nbc6 16. h3 Bd7 17. Nh2 Qc8 18. f5 exf5 19. Bh6 Ne5 20. Bxg7 Kxg7 21. Qg5 Ng8
22. exf5 f6 23. Nh5+ Kh8 24. fxg6 hxg6 25. Rxf6 Nxc4 26. Qxg6 Nxf6 27. Qg7# 1-0

[Event "CYCC U10"]
[Site "Windsor CAN"]
[Date "2016.07.07"]
[Round "4.84"]
[White "Xing, Blair"]
[Black "Hasanov, Tahir"]
[Result "1-0"]
[WhiteElo "924"]
[BlackElo "608"]
[PlyCount "99"]
[EventDate "2016.07.05"]
[EventType "swiss"]
[EventRounds "7"]
[EventCountry "CAN"]

1. e4 e5 2. Nf3 Nc6 3. Nc3 Nf6 4. Bc4 Bb4 5. d3 O-O 6. O-O d6 7. h3 Bd7 8. Bg5
Re8 9. Nd5 Re6 10. Nxf6+ Rxf6 11. c3 Bc5 12. b4 Bb6 13. Bd5 Qe7 14. d4 Qe8 15.
Bxf6 gxf6 16. Nh4 Be6 17. Qh5 Qf8 18. Nf5 Bxf5 19. exf5 Ne7 20. Bxf7+ Qxf7 21.
Qxf7+ Kxf7 22. g4 exd4 23. cxd4 Bxd4 24. Rac1 c5 25. bxc5 dxc5 26. h4 b6 27.
Kg2 h6 28. f4 Be3 29. Rcd1 Nd5 30. Rxd5 a5 31. g5 fxg5 32. fxg5 hxg5 33. Rd3
Bf4 34. h5 g4 35. Rh1 Kg7 36. f6+ Kh7 37. Rd7+ Kh6 38. f7 b5 39. Rf1 Kg5 40. h6
b4 41. Rd5+ Kxh6 42. Rxf4 Kg7 43. Rg5+ Kf8 44. Rg8+ Ke7 45. Rxa8 Kd6 46. f8=Q+
Kc6 47. Rb8 Kc7 48. Qxc5+ Kxb8 49. Rf7 a4 50. Qf8# 1-0

[Event "CYCC U10"]
[Site "Windsor CAN"]
[Date "2016.07.07"]
[Round "4.85"]
[White "Balachandran, Kousihan"]
[Black "Srinivas, Atharva"]
[Result "1/2-1/2"]
[WhiteElo "1525"]
[BlackElo "1343"]
[PlyCount "89"]
[EventDate "2016.07.05"]
[EventType "swiss"]
[EventRounds "7"]
[EventCountry "CAN"]

1. e4 e5 2. Nf3 Nc6 3. d4 exd4 4. Nxd4 Bc5 5. Nb3 Bb6 6. Nc3 d6 7. Bf4 Qf6 8.
Bg3 Nge7 9. Be2 O-O 10. O-O Nd4 11. Nxd4 Qxd4 12. Qxd4 Bxd4 13. Rab1 Bxc3 14.
bxc3 Ng6 15. f4 b6 16. Bf3 Rb8 17. a4 f5 18. a5 fxe4 19. Bxe4 Bf5 20. Bxf5 Rxf5
21. axb6 Rxb6 22. Ra1 a5 23. Bf2 Rb2 24. g3 Rxc2 25. Ra3 Ne7 26. Rfa1 h6 27.
Rxa5 Rxa5 28. Rxa5 Rxc3 29. Ra8+ Kh7 30. Ra7 Nf5 31. Kf1 h5 32. Ke2 c5 33. Kd2
Rb3 34. Kc2 Rf3 35. Be1 c4 36. Rc7 d5 37. Rc5 Rd3 38. Bf2 Nd4+ 39. Bxd4 Rxd4
40. Kc3 Rd3+ 41. Kc2 Kh6 42. Rc6+ Kh7 43. Rc5 Kg6 44. Rc6+ Kf5 45. Rc7 1/2-1/2

[Event "CYCC U10"]
[Site "Windsor CAN"]
[Date "2016.07.07"]
[Round "4.86"]
[White "Guipi Bopala, Prince Eric jr"]
[Black "Fedyushchenko, Alexander"]
[Result "1-0"]
[WhiteElo "1499"]
[BlackElo "1136"]
[PlyCount "43"]
[EventDate "2016.07.05"]
[EventType "swiss"]
[EventRounds "7"]
[EventCountry "CAN"]

1. d4 d5 2. c4 e6 3. Nc3 Nf6 4. cxd5 exd5 5. Bg5 Nbd7 6. e3 Be7 7. Bd3 b6 8.
Qc2 h6 9. Bh4 c5 10. Nf3 c4 11. Bf5 g6 12. Bxd7+ Qxd7 13. Ne5 Qe6 14. O-O a6
15. Qa4+ Bd7 16. Nxd7 Nxd7 17. Bxe7 Kxe7 18. Rfe1 Rhe8 19. e4 Kd8 20. Nxd5 f5
21. Qxc4 fxe4 22. Qc7# 1-0

[Event "CYCC U10"]
[Site "Windsor CAN"]
[Date "2016.07.07"]
[Round "4.87"]
[White "Jeyakumar, Bhavatharshan"]
[Black "Imoo, Joshua"]
[Result "0-1"]
[WhiteElo "1416"]
[BlackElo "1072"]
[PlyCount "58"]
[EventDate "2016.07.05"]
[EventType "swiss"]
[EventRounds "7"]
[EventCountry "CAN"]

1. e4 e5 2. Nf3 Nc6 3. Bb5 Nge7 4. O-O g6 5. c3 Bg7 6. d4 exd4 7. cxd4 a6 8.
Ba4 b5 9. Bb3 O-O 10. Bg5 d6 11. a3 Bg4 12. d5 Na5 13. Nc3 Nxb3 14. Qxb3 Bxf3
15. gxf3 Qd7 16. Ne2 Kh8 17. Rad1 f6 18. Bf4 f5 19. Bg3 g5 20. exf5 Nxf5 21.
Kh1 Nh4 22. Bxh4 gxh4 23. f4 Rg8 24. Rg1 Rae8 25. Nd4 Bxd4 26. Rxg8+ Kxg8 27.
Rxd4 Re1+ 28. Kg2 Qg4+ 29. Qg3 h3# 0-1

[Event "CYCC U10"]
[Site "Windsor CAN"]
[Date "2016.07.07"]
[Round "4.88"]
[White "Zhao, Tianjiu"]
[Black "Zhu, Max"]
[Result "0-1"]
[WhiteElo "1016"]
[BlackElo "1460"]
[PlyCount "104"]
[EventDate "2016.07.05"]
[EventType "swiss"]
[EventRounds "7"]
[EventCountry "CAN"]

1. e4 e5 2. Nf3 Nc6 3. Bc4 Bc5 4. O-O Nf6 5. Nc3 d6 6. h3 Be6 7. Nd5 Nxe4 8. d3
Bxd5 9. Bxd5 Nf6 10. Bc4 h6 11. Re1 O-O 12. Nh2 Qd7 13. Qf3 d5 14. Bb3 Nd4 15.
Qg3 Nxb3 16. axb3 Kh7 17. Be3 d4 18. Qxe5 dxe3 19. Qxc5 exf2+ 20. Qxf2 a6 21.
Re5 Rfe8 22. Qf5+ Qxf5 23. Rxf5 Re2 24. Rc1 Rae8 25. Nf3 c6 26. Nd4 R2e5 27.
Kf2 Rxf5+ 28. Nxf5 Kg6 29. Nd6 Re7 30. Nc4 Nd5 31. Re1 Rxe1 32. Kxe1 Kf6 33.
Ke2 b5 34. Ne3 Nxe3 35. Kxe3 Ke5 36. c4 c5 37. Kf3 Kd4 38. Ke2 f5 39. g3 g5 40.
h4 gxh4 41. gxh4 h5 42. Kd2 b4 43. Ke2 f4 44. Kf3 Ke5 45. Ke2 Kf5 46. Kf3 a5
47. d4 cxd4 48. c5 d3 49. c6 Ke6 50. Kf2 Kd6 51. Ke1 f3 52. c7 Kxc7 0-1

[Event "CYCC U10"]
[Site "Windsor CAN"]
[Date "2016.07.07"]
[Round "4.89"]
[White "Bui, Alan"]
[Black "Zaid, Daniyal"]
[Result "1-0"]
[WhiteElo "1417"]
[BlackElo "584"]
[PlyCount "61"]
[EventDate "2016.07.05"]
[EventType "swiss"]
[EventRounds "7"]
[EventCountry "CAN"]

1. d4 d5 2. Nf3 Bg4 3. Nbd2 Nd7 4. h3 Bxf3 5. Nxf3 Ngf6 6. Bf4 e6 7. e3 h6 8.
Bd3 c6 9. O-O Be7 10. c3 c5 11. Ne5 c4 12. Bc2 O-O 13. Qf3 Nxe5 14. dxe5 Ne8
15. Qg4 Bg5 16. Bg3 Qe7 17. f4 f6 18. fxg5 fxg5 19. Rxf8+ Kxf8 20. Bh7 g6 21.
Bxg6 Kg7 22. Bh5 Qc5 23. Qf3 Rd8 24. Qf7+ Kh8 25. Qxe6 Ng7 26. Qxh6+ Kg8 27.
Qxg5 Rc8 28. e6 Kf8 29. Rf1+ Kg8 30. Bf7+ Kh7 31. Qg6+ 1-0

[Event "CYCC U10"]
[Site "Windsor CAN"]
[Date "2016.07.07"]
[Round "4.90"]
[White "Feng, Richard2"]
[Black "Dinatolo, Zack"]
[Result "1/2-1/2"]
[WhiteElo "761"]
[BlackElo "1416"]
[PlyCount "89"]
[EventDate "2016.07.05"]
[EventType "swiss"]
[EventRounds "7"]
[EventCountry "CAN"]

1. d4 d5 2. c4 c6 3. Nc3 Nf6 4. Bf4 e6 5. Nf3 Bb4 6. Qc2 Nbd7 7. e3 O-O 8. Bd3
Ba5 9. O-O Bc7 10. Bxc7 Qxc7 11. c5 b6 12. b4 e5 13. e4 h6 14. Rfe1 Re8 15.
exd5 cxd5 16. dxe5 Nxe5 17. Nxe5 Rxe5 18. Nb5 Rxe1+ 19. Rxe1 Qd8 20. Nd6 Be6
21. Nb7 Qc7 22. c6 Rc8 23. b5 Ng4 24. g3 Ne5 25. Be2 Bg4 26. Bxg4 Nxg4 27. Qf5
Nf6 28. Rd1 Re8 29. Rd4 Re5 30. Qf4 Nh5 31. Qd2 Nf6 32. f4 Rh5 33. Rd3 Ne4 34.
Qd1 Nf6 35. Re3 a6 36. a4 a5 37. Qe1 Qb8 38. Re7 Rf5 39. Nd6 Qxd6 40. c7 Qc5+
41. Kh1 Kh7 42. Qe3 d4 43. Qd3 Ng4 44. Kg2 Ne3+ 45. Kh3 1/2-1/2

[Event "CYCC U10"]
[Site "Windsor CAN"]
[Date "2016.07.07"]
[Round "4.91"]
[White "Lu, Lucas Yunkun"]
[Black "Vo, Andy"]
[Result "1-0"]
[WhiteElo "1083"]
[BlackElo "1406"]
[PlyCount "37"]
[EventDate "2016.07.05"]
[EventType "swiss"]
[EventRounds "7"]
[EventCountry "CAN"]

1. e4 d6 2. d4 Nf6 3. Nc3 g6 4. Bc4 Bg7 5. Nf3 O-O 6. h3 c6 7. O-O b5 8. Bd3
Re8 9. Be3 e5 10. dxe5 dxe5 11. Qd2 Be6 12. Bh6 Qc7 13. Bxg7 Kxg7 14. Qg5 Bd7
15. Rad1 Nh5 16. Nh2 Nf4 17. Ng4 h5 18. Qh6+ Kg8 19. Nf6# 1-0

[Event "CYCC U10"]
[Site "Windsor CAN"]
[Date "2016.07.07"]
[Round "4.92"]
[White "Gaisinsky, Jacob"]
[Black "Lodhi, Rayyan"]
[Result "1-0"]
[WhiteElo "999"]
[BlackElo "672"]
[PlyCount "101"]
[EventDate "2016.07.05"]
[EventType "swiss"]
[EventRounds "7"]
[EventCountry "CAN"]

1. e4 c5 2. d4 cxd4 3. c3 dxc3 4. Nxc3 d6 5. Bc4 g6 6. e5 Bg7 7. Nf3 Nc6 8. Bf4
Bg4 9. Bxf7+ Kxf7 10. Ng5+ Ke8 11. Qxg4 dxe5 12. Bg3 Nf6 13. Qe2 Nd4 14. Qd1
Nc6 15. Qa4 h6 16. Ne6 Qd6 17. Nb5 Qb4+ 18. Qxb4 Nxb4 19. O-O Kf7 20. Nxg7 Kxg7
21. Bxe5 a6 22. Nc7 Rac8 23. a3 Nd3 24. Bxf6+ Kxf6 25. Nd5+ Ke5 26. Nxe7 Rce8
27. Nxg6+ Kf6 28. Nxh8 Rxh8 29. Rad1 Nxb2 30. Rd7 Rb8 31. Rb1 Re8 32. Rxb7 Nc4
33. g3 Nxa3 34. R1b6+ Kg5 35. Rxa6 Nc4 36. Rc7 Nd2 37. h3 Nf3+ 38. Kg2 Ne1+ 39.
Kf1 Nf3 40. Rc5+ Ne5 41. f4+ Kf5 42. fxe5 h5 43. e6+ Ke4 44. Ra4+ Kd3 45. Rf5
Rxe6 46. Rf3+ Kc2 47. Ra2+ Kb1 48. Re2 Rc6 49. Kg2 Rd6 50. Rf1+ Rd1 51. Rxd1#
1-0

[Event "CYCC U10"]
[Site "Windsor CAN"]
[Date "2016.07.07"]
[Round "4.95"]
[White "Ho, Hewitt"]
[Black "Ren, Alexander"]
[Result "0-1"]
[WhiteElo "749"]
[BlackElo "918"]
[PlyCount "78"]
[EventDate "2016.07.05"]
[EventType "swiss"]
[EventRounds "7"]
[EventCountry "CAN"]

1. e4 c5 2. d4 cxd4 3. c3 d3 4. Bxd3 d6 5. Nf3 Nf6 6. O-O e5 7. Bg5 Be7 8. c4
h6 9. Be3 O-O 10. Nc3 Bg4 11. h3 Bh5 12. Be2 Bg6 13. Nd5 Bxe4 14. Bd3 Bxd5 15.
cxd5 e4 16. Be2 exf3 17. Bxf3 Nbd7 18. Re1 Ne5 19. Be2 Qa5 20. Bd2 Qxd5 21. Qa4
Qxd2 22. Qb3 Qd5 23. Bc4 Qc6 24. Rac1 Qd7 25. Bd5 Nxd5 26. Qxd5 Rad8 27. Rcd1
Rfe8 28. Rxe5 Bf6 29. Rxe8+ Rxe8 30. Kf1 Be5 31. Re1 Kf8 32. g3 Qc6 33. Qa5 a6
34. b4 Qc4+ 35. Kg2 Qc6+ 36. Kh2 Bxg3+ 37. fxg3 Rxe1 38. b5 Re2+ 39. Kg1 Qg2#
0-1

[Event "CYCC U10"]
[Site "Windsor CAN"]
[Date "2016.07.07"]
[Round "4.97"]
[White "Marcelloni, Jacob"]
[Black "Jasniewicz, Karol"]
[Result "0-1"]
[WhiteElo "686"]
[BlackElo "848"]
[PlyCount "52"]
[EventDate "2016.07.05"]
[EventType "swiss"]
[EventRounds "7"]
[EventCountry "CAN"]

1. d4 d5 2. c4 c6 3. Nc3 Nf6 4. Nf3 Nbd7 5. Bf4 e6 6. e3 Be7 7. Be2 O-O 8. O-O
h6 9. c5 b6 10. cxb6 Qxb6 11. Qd3 Ba6 12. Qxa6 Qxb2 13. Qd3 Bb4 14. Rfc1 Bxc3
15. Qxc3 Qxe2 16. Rc2 Qa6 17. Ne5 Nxe5 18. dxe5 Ne4 19. Qxc6 Qa3 20. f3 Rac8
21. Qxc8 Rxc8 22. Rxc8+ Kh7 23. fxe4 dxe4 24. Rac1 Qxa2 25. R1c7 Qa5 26. Rxf7
Qe1# 0-1

[Event "CYCC U10"]
[Site "Windsor CAN"]
[Date "2016.07.07"]
[Round "4.98"]
[White "Joseph Benher, Savio"]
[Black "Aubin, Felix"]
[Result "1-0"]
[WhiteElo "721"]
[BlackElo "792"]
[PlyCount "45"]
[EventDate "2016.07.05"]
[EventType "swiss"]
[EventRounds "7"]
[EventCountry "CAN"]

1. e4 e5 2. Nf3 Nf6 3. Nc3 Bc5 4. Bc4 h5 5. Qe2 d6 6. h3 Be6 7. Bb3 Nc6 8. Nd5
Nxd5 9. exd5 Bd7 10. dxc6 Bxc6 11. d3 Rh6 12. Bxh6 gxh6 13. d4 Bb4+ 14. c3 Ba5
15. dxe5 dxe5 16. Qxe5+ Kf8 17. Qxa5 b6 18. Qxh5 Qd7 19. O-O Bb5 20. Rfe1 Rd8
21. Rad1 Bd3 22. Ne5 Qd6 23. Qxf7# 1-0

[Event "CYCC U10"]
[Site "Windsor CAN"]
[Date "2016.07.07"]
[Round "4.100"]
[White "Si, Patrick"]
[Black "Yim, Justin"]
[Result "1-0"]
[WhiteElo "931"]
[BlackElo "708"]
[PlyCount "157"]
[EventDate "2016.07.05"]
[EventType "swiss"]
[EventRounds "7"]
[EventCountry "CAN"]

1. e4 e5 2. Nf3 Nc6 3. Bc4 Bc5 4. O-O d6 5. Re1 Nf6 6. c3 O-O 7. h3 Be6 8. Bxe6
fxe6 9. d4 exd4 10. cxd4 Bb4 11. Bd2 Bxd2 12. Nbxd2 Re8 13. Qb3 Rb8 14. d5 exd5
15. exd5 Rxe1+ 16. Rxe1 Na5 17. Qa4 b6 18. b4 Nb7 19. Qxa7 Nxd5 20. Qa4 Ra8 21.
Qb3 c6 22. b5 Na5 23. Qd3 Nb4 24. Qc3 c5 25. Nc4 Nxa2 26. Qb2 Nxc4 27. Qb3 d5
28. Ra1 Nb4 29. Rc1 Nd6 30. Ne5 Nxb5 31. Qf3 Qf8 32. Qe2 Qe8 33. Re1 Ra2 34.
Qd1 Nc3 35. Qb3 Re2 36. Qxc3 Rxe1+ 37. Qxe1 d4 38. h4 c4 39. Qxb4 Qxe5 40.
Qxc4+ Kf8 41. Qb4+ Qc5 42. Qd2 Qc3 43. Qf4+ Ke7 44. Qg5+ Kf7 45. Qd5+ Ke7 46.
Qb7+ Kd6 47. Qxb6+ Kd5 48. Qb5+ Ke4 49. Qe2+ Kd5 50. Kf1 d3 51. Qe3 d2 52. Qxc3
d1=Q+ 53. Qe1 Qd4 54. Qa5+ Ke4 55. Qe1+ Kd5 56. Qe3 Qxh4 57. Qb3+ Ke5 58. Qc3+
Qd4 59. Qg3+ Qf4 60. Qxg7+ Ke4 61. Qxh7+ Kd4 62. Qc2 Ke5 63. g3 Qf3 64. Qc5+
Ke4 65. Qc6+ Kd4 66. Qxf3 Ke5 67. Qf4+ Kd5 68. g4 Kc5 69. g5 Kc6 70. g6 Kd5 71.
g7 Kc5 72. g8=R Kd5 73. Qd2+ Ke5 74. Re8+ Kf6 75. Qd6+ Kf7 76. Qe6+ Kg7 77. f4
Kh7 78. f5 Kg7 79. Qg6# 1-0